Devaluación, pesificación imperfecta y flotación cambiaria (Registro nro. 23193)

Detalles MARC
000 -LEADER
fixed length control field 00358 a2200109 4500
001 - CONTROL NUMBER
control field ART_10674
005 - DATE AND TIME OF LATEST TRANSACTION
control field 20260410161831.0
008 - FIXED-LENGTH DATA ELEMENTS--GENERAL INFORMATION
fixed length control field 260409a
100 1# - MAIN ENTRY--PERSONAL NAME
Personal name Jacobo, Alejandro D.
245 10 - TITLE STATEMENT
Title Devaluación, pesificación imperfecta y flotación cambiaria
773 0# - HOST ITEM ENTRY
Title Actualidad Económica
Related parts - Año XII, Nº 52 (ene./jul. 2002)
Record control number REV5083

No hay ítems disponibles.